000 00960pab a2200205 454500
008 180718b1999 xxu||||| |||| 00| 0 eng d
100 _aSubadra
245 _aViolence against women: wife battering in Chennai
260 _c1999
300 _ap.WS28-33
362 _a17 & 23 Apr
520 _aDomestic violence, more often than not, is rooted in patriarchal notions of ownership over women's bodies sexuality, labour reproductive rights, mobility and levels of autonomy. The phenomenon of wife battering is shrouded in myths and stereotypes that need to be debunked. A study in Chennai located in the context of the rising curve of crimes against women in the city. - Reproduced
650 _aViolence - India - Tamil Nadu
650 _aWife abuse - India - Tamil Nadu
650 _aWomen - Crime against - India - Tamil Nadu
650 _aWomen - India - Tamil Nadu
650 _aWomen
773 _aEconomic and Political Weekly
909 _a40643
999 _c40643
_d40643